| 000 | 01199nam a22002537a 4500 | ||
|---|---|---|---|
| 001 | 7790 | ||
| 003 | FISKH | ||
| 005 | 20250806161237.0 | ||
| 008 | 250806b cb ||||| |||| 00| 0 eng d | ||
| 020 | _a9780007254163 | ||
| 040 |
_aFISKH _beng _cFISKH _dFISKH |
||
| 050 | _aPZ7 | ||
| 100 | _aChapman, Keith | ||
| 245 |
_aRock-A-Bye Stingo : _bcan cottonsocks send Stingo to sleep ? / _cCreated by Keith Chapman |
||
| 260 |
_aLondon : _bHarperCollins Children's Books , _c2007. |
||
| 300 |
_a32 unnumbered pages : _bcolor illustrations ; _c22 X22 cm . |
||
| 490 | _aFifi and the flowertots | ||
| 505 | _aK | ||
| 520 | _aA new Fifi and the Flowertots read-to-me story, beautifully illustrated with photographic images and an activity to do afterwards!Stingo has stolen Fifi's favourite cuddly bunny, Cottonsocks!The problem is, Fifi can't sleep without him. Do you think Stingo will give him back or will Fifi's friends have to find a way to bribe the naughty wasp?Another beautifully illustrated Fifi and the Flowertots story featuring full colour images from the TV show. | ||
| 521 | 8 |
_a510
_bLexile estimate |
|
| 521 | 8 |
_aK
_bRaz-Plus |
|
| 942 |
_2ddc _cBK _n0 |
||
| 999 |
_c7790 _d7790 |
||